Central Library OPAC University of Rajshahi

Urban zoning and land-use theory. (Record no. 34511)

MARC details
000 -LEADER
fixed length control field 00755nam a22002531a 4500
001 - CONTROL NUMBER
control field 34511
003 - CONTROL NUMBER IDENTIFIER
rucl marc code BD-RjUL
005 - DATE AND TIME OF LATEST TRANSACTION
control field 20211209052154.0
008 - FIXED-LENGTH DATA ELEMENTS--GENERAL INFORMATION
fixed length control field 140517s1962 nyu b 001 0 eng d
035 ## - SYSTEM CONTROL NUMBER
System control number (BD-RjUL)34605
040 ## - CATALOGING SOURCE
Original cataloging agency LC
Language of cataloging eng
Transcribing agency LC
Modifying agency LC
-- BD-RjUL
041 ## - LANGUAGE CODE
Language code of text/sound track or separate title eng
082 04 - DEWEY DECIMAL CLASSIFICATION NUMBER
Classification number 333.77
Author mark and year WIU 1962
100 1# - MAIN ENTRY--PERSONAL NAME
Personal name Willhelm, Sidney M.
9 (RLIN) 104975
245 10 - TITLE STATEMENT
Title Urban zoning and land-use theory.
Statement of responsibility, etc. Sidney M. Willhelm.
260 ## - PUBLICATION, DISTRIBUTION, ETC. (IMPRINT)
Place of publication, distribution, etc. New York :
Name of publisher, distributor, etc. Free Press of Glencoe
Date of publication, distribution, etc. 1962.
300 ## - PHYSICAL DESCRIPTION
Pagination x, 244 p. :
Size 22 cm.
504 ## - BIBLIOGRAPHY, ETC. NOTE
Bibliography, etc Includes bibliographical references and index.
650 #0 - SUBJECT ADDED ENTRY--TOPICAL TERM
Topical term or geographic name as entry element Land use
Geographic subdivision United States.
9 (RLIN) 104976
Topical term or geographic name as entry element Zoning
Geographic subdivision United States.
9 (RLIN) 104977
942 ## - ADDED ENTRY ELEMENTS (KOHA)
Source of classification or shelving scheme Dewey Decimal Classification
Koha item type Books
Holdings
Lost status Source of classification or shelving scheme Damaged status Not for loan Collection code Permanent Location Current Location Shelving location Date acquired Source of acquisition Total Checkouts Full call number Date last seen Copy number Koha item type
  Dewey Decimal Classification   Not For Loan Non-fiction Central Library, University of Rajshahi Central Library, University of Rajshahi Reading Room 24/03/1964 Zeitlinger   333.77 WIU 1962 17/05/2014 C-1 Books